Statistics for 10 Closest Megacities to Honolulu

Click here to take the quiz!

General Stats

  • This quiz has been taken 510 times
  • The average score is 8 of 10

Answer Stats

DistanceCity% Correct
3,803 km / 2,563 milesLos Angeles
99%
6215 km / 3,862 milesTokyo
98%
8,172 km / 5,078 milesBeijing
94%
7,961 km / 4,947 milesShanghai
90%
6,098 km / 3,789 milesMexico City
87%
7,327 km / 4,553 milesSeoul
84%
6,605 km / 4,104 milesOsaka
75%
7,995 km / 4,968 milesNew York City
69%
6,471 km / 4,021 milesNagoya
50%
8,127 km / 5,050 milesTianjin
41%

Score Distribution

Percentile by Number Answered

Percent of People with Each Score

Your Score History

You have not taken this quiz